00295 a2200109 4500001000700000020000600007040001100013100002100024240006800045245006300113362000900176166874 a  cMagnum aKeleman, Stanley10aCorporificando a experiencia: construindo uma vida pessoallpor10aCorporificando a experiencia: construindo uma vida pessoal0 a1899